| 000 | 00881nam a2200241 a 4500 | ||
|---|---|---|---|
| 001 | 74124 | ||
| 003 | BD-RjUL | ||
| 005 | 20211209082510.0 | ||
| 008 | 180304s2017 bg ||||| i||| 001 0 ben d | ||
| 020 |
_a9847012006429 _cTk.350.00 |
||
| 035 | _a(BD-RjUL74342 | ||
| 040 |
_aBD-RjUL _beng _cBD-RjUL |
||
| 041 | _aben | ||
| 082 |
_223 _a891.44353 _bHAB 2017 |
||
| 100 | 1 |
_aহক, সৈয়দ আজিজুল _9220361 |
|
| 245 | 1 | 0 |
_aবাংলা কথা সাহিত্যে মানব ভাবনা / _cসৈয়দ আজিজুল হক, |
| 260 |
_aঢাকা : _bকথা প্রকাশ , _c২০১৭ |
||
| 300 |
_a২৬৩ পৃ. ; _c২২ সেমি. |
||
| 500 | _aইনডেক্স সম্বিলিত | ||
| 650 |
_aবাংলা সাহিত্য _9220362 |
||
| 650 |
_aBengali Literature _9220363 |
||
| 942 |
_2ddc _cBK |
||
| 999 |
_c74124 _d74124 |
||